000 00500nam a2200217 454500
001 063806
003 BD-ChCU
008 Eng
020 _a0 412 73800 7
040 _aDLC
_cDLC
_dBD-ChCU
082 0 0 _a566/B47v
100 1 _aBenton , Michael J.
_bx
245 1 0 _aVertebrate palaeontology
_bx
250 _a2nd ed
260 _aLondon
_bChapmant Hall
_c1990
300 _axii,452
504 _aIncludes
650 0 _aFossil Chordata
_bPalaeontology
700 1 _ax
942 _2ddc
_cBK
999 _c63806
_d63806